| 000 | 00000cam 2200000zi 4500 |
| 001 | 9.963070 |
| 003 | CaOODSP |
| 005 | 20260601172058 |
| 006 | m o d f |
| 007 | cr mn||||||||| |
| 008 | 260526e19511201bccabdo ob f000 0 eng d |
| 040 | |aCaOODSP|beng|erda|cCaOODSP |
| 043 | |an-cn-bc |
| 086 | 1 |aFs52-3/442E-PDF |
| 100 | 1 |aNuttall, J. B., |eauthor. |
| 245 | 10|aReport on construction : |bhydraulic model of Alberni Harbour / |cby J.B. Nuttall. |
| 246 | 10|aHydraulic model of Alberni Harbour |
| 264 | 1|aNanaimo, B.C. : |bFisheries Research Board of Canada : |bPacific Oceanographic Group, |cDecember 1, 1951. |
| 300 | |a1 online resource (25 pages, 7 unnumbered pages) : |billustrations, maps, graphs, photographs. |
| 336 | |atext|btxt|2rdacontent |
| 337 | |acomputer|bc|2rdamedia |
| 338 | |aonline resource|bcr|2rdacarrier |
| 490 | 1 |aManuscript reports of the biological stations ; |vno. 442 |
| 500 | |aDigitized edition from print [produced by Department of Fisheries and Oceans]. |
| 504 | |aIncludes bibliographical references. |
| 520 | 3 |a"A hydraulic model of Alberni Harbour was built to study the mixing of fresh and salt water, the disposal of industrial sewage, and the result of proposed physical changes in the Harbour"--Abstract. |
| 650 | 0|aHydraulic models. |
| 650 | 0|aHydraulic engineering|zBritish Columbia|zAlberni Harbour. |
| 650 | 6|aModèles hydrauliques. |
| 650 | 6|aTechnologie hydraulique|zColombie-Britannique|zAlberni, Havre de. |
| 710 | 2 |aFisheries Research Board of Canada, |eissuing body. |
| 710 | 2 |aPacific Oceanographic Group (Canada), |eissuing body. |
| 830 | #0|aManuscript reports of the biological stations ;|vno. 442.|w(CaOODSP)9.899091 |
| 856 | 40|qPDF|s6.55 MB|uhttps://publications.gc.ca/collections/collection_2026/mpo-dfo/fs52-3/Fs52-3-442-eng.pdf |
| 986 | |aP.O.G. file: N 7-22. |